1247 1747 1277 1262 1686 1026 1079 1567 1404 1710 1631 1167 1110 1551 1041 1234 1672 1636 1526 1459 1469 1889 1661 1005 1973 1954 1850 1188 1784 1914 1551 1114 1129 1172 1649 1868 1118 1666 1211 1844 1386 1788 1920 1196 1715 1529 1257 1490 1393 1042 1294 1160 1666 1191 1498 1060 1834 1119 1824 1457 1425 1806 1629 1068 1958 1064 1020 1665 1050 1563 1893 1432 1471 1479 1867 1835 1922 1974 1935 1571 1153 1144 1860 1860 1666 1459 1045 1283 1442 1812 1699 1600 1285 1169 1617 1112 1376 1944 1065 BCNSPRNW ULIB Ver.6.0+V

เปลี่ยนเป็นภาษาไทย

Change to English
 แสดงรายละเอียดบรรณานุกรม
  กลับหน้าหลัก

Brief Record : Get Marc (ISO 2709) : E-mail record : QR code < ปิดหน้าต่าง
LEADER : 00000nam 2200000uu 4500
001    13399114187
003     ULIB
008    120228s2547||||th 000 0 tha d
020    ^a9786117164002
050  4 ^aHQ1233^bอ644ผ 2547
100 1  ^aอาร์กอน, เชอร์รี่
245 10 ^aผู้หญิงร้าย ผู้ชายรัก =^bWhy men love bitches /^cSherry
246 31 ^aWhy men love bitches
260    ^aกรุงเทพฯ :^bวีเลิร์น,^c2547
300    ^a271 หน้า ;^c21 ซม.
650  4 ^aสตรี^xความรัก
700 0  ^aพัชรศรี เบญจมาศ,^eผู้แปล
945    ^p179^l0^i18795
995    ^aกัณชพร
999 ^a ใช้งานได้ทุกระบบ
รายการนี้ยังไม่มีแท็ก
คุณยังไม่ได้ล็อกอิน คุณสามารถมีกิจกรรมร่วมกับเว็บไซต์ได้ แต่ต้องล็อกอินก่อน ::
  ล็อกอิน

รายการสื่อสารสนเทศ

ลำดับที่ ประเภท เลขเรียก/บาร์โค้ด สถานที่ สถานะ
- ไม่พบข้อมูล -

BibComment


ยังไม่เคยถูกคอมเมนท์

คอมเมนท์ทรัพยากรรายการนี้
  คอมเมนท์: ผู้หญิงร้าย ผู้ช..


 Copyright 2026. Bcnsprnw @Library